鳥取県より人口が多いもの -サドンデス- - Statistics

General Stats
  • This quiz has been taken 1,433 times
  • The average score is 11 of 18
Answers on the Grid
Answers color-coded by a green-red scale on the quiz's grid according to % correct below.
佐賀県
島根県
高知県
福井県
札幌市
青森市
盛岡市
千葉市
練馬区
荒川区
目黒区
杉並区
相模原市
富山市
金沢市
浜松市
豊橋市
津市
京都市
高槻市
堺市
岡山市
高松市
北九州市
熊本市
大分市
鹿児島市
那覇市
ブータン
トンガ
ミクロネシア連邦
バーレーン
 
Answer Stats
Answer % Correct
1,973,395 札幌市
85%
811,442 佐賀県
82%
671,126 島根県
81%
691,527 高知県
81%
766,863 福井県
81%
974,951 千葉市
77%
725,493 相模原市
66%
1,463,723 京都市
66%
790,718 浜松市
65%
939,029 北九州市
65%
752,608 練馬区
60%
826,161 堺市
60%
724,691 岡山市
59%
738,865 熊本市
58%
591,108 杉並区
43%
593,128 鹿児島市
40%
800,000 ブータン
32%
1,500,000 バーレーン
30%
No matching quizzes found
Score Distribution
Percent of People with Each Score
Percentile by Number Answered
Your Score History
You have not taken this quiz